Sports Quiz

Random Sports or Auto Racing Quiz

Jenson Button Formula One Career Quiz Stats

Quiz not verified by Sporcle

Challenge
Share
Tweet
Embed
Score 0/17 Timer 03:00
0 Plays Today
Year Team % Correct
2015McLaren Honda
94.9%
2016McLaren Honda
94.9%
2011Vodafone McLaren Mercedes
94.7%
2012Vodafone McLaren Mercedes
94.7%
2010Vodafone McLaren Mercedes
94.5%
2013Vodafone McLaren Mercedes
94.5%
2014McLaren Mercedes
94.5%
2009Brawn GP F1 Team
93.4%
2008Honda Racing F1 Team
91.8%
Year Team % Correct
2007Honda Racing F1 Team
91.6%
2000BMW Williams F1 Team
91.4%
2006Lucky Strike Honda Racing F1 Team
91.2%
2004Lucky Strike BAR Honda
86.5%
2005Lucky Strike BAR Honda
86.5%
2003Lucky Strike BAR Honda
85.4%
2002Mild Seven Renault F1 Team
80.3%
2001Mild Seven Benetton Renault
80.1%

You're not logged in!

Compare scores with friends on all Sporcle quizzes.
Join for Free
OR
Log In

You Might Also Like...

Show Comments

Extras

Top Quizzes Today


Score Distribution

Your Account Isn't Verified!

In order to create a playlist on Sporcle, you need to verify the email address you used during registration. Go to your Sporcle Settings to finish the process.

Report this User

Report this user for behavior that violates our Community Guidelines.

Details: